000 00437nam a2200169Ia 4500
008 220803s9999 xx 000 0 und d
020 _a0-85139-718-2
041 _aeng
082 _a720.28'4 STY
100 _aStyles K
_910143
245 _aWorking Drawings Handbook
250 _a2nd
260 _aLondon
_bArchitectural Press
_c1986
300 _a134p
500 _aArchitecture
650 _aArchitectural Drawing And Graphic
_910144
999 _c8804
_d8804